004530000a22001330004500090001700000245010700017041001400124700002700138700002800165100003100193942001300224773006500237999001700302 aASbSeriadas10aEstructura arrecifal del archipiélago de San Bernardo (Mar Caribe, Colombia) estudio de línea base0 aEspañol1 aMiranda, Dario91003301 aViña, Gerardo91003311 aRamírez, Alberto9100332 cARTICULO1 tTrianeakActa Científica y Tecnológicah5q189-219d1994 c16136d16136